| 000 | 00347cam a2200145ua 4500 | ||
|---|---|---|---|
| 003 | OSt | ||
| 008 | 250108b |||||||| |||| 00| 0 eng d | ||
| 041 | _aeng | ||
| 082 |
_a621.384 _bTEP/BA |
||
| 100 |
_aTepper, M . _96870 |
||
| 245 | _aBasic radio, vol-6 / | ||
| 260 |
_a : _bTaraporevala publications , _c1968. |
||
| 300 | _a154 ; . | ||
| 942 | _cBK | ||
| 999 |
_c3150 _d3150 |
||